Psicoterapia nella pratica medica : introduzione casistica /
Saved in:
| Hovedforfatter: | |
|---|---|
| Andre forfattere: | , |
| Format: | Bog |
| Sprog: | italiensk |
| Udgivet: |
Firenze :
Editrice universitaria,
1953
|
| Serier: | Collezione psicologica
|
| Tags: |
Ingen Tags, Vær først til at tagge denne postø!
|
MARC
| LEADER | 00000nam a22000007i 4500 | ||
|---|---|---|---|
| 001 | IT\ICCU\UFI\0286978 | ||
| 003 | ItRI | ||
| 005 | 20250731103107.0 | ||
| 008 | 980407s1953 it |||||| ||||| |||||c | ||
| 040 | |b ita |c ct | ||
| 041 | 7 | |a ita |2 ISO-639-2 | |
| 100 | 1 | |a Frankl, Viktor E. |0 IT\ICCU\VIAV\099417 |4 aut | |
| 240 | 1 | 4 | |a Die psychotherapie in der praxis. |9 Frankl, Viktor E. |
| 245 | 1 | 0 | |a Psicoterapia nella pratica medica : |b introduzione casistica / |c Viktor E. Frankl ; traduzione di Bruno Frick ; prefazione di Mario Gozzano. |
| 260 | |a Firenze : |b Editrice universitaria, |c 1953 | ||
| 300 | |a 235 p. ; |c 21 cm. | ||
| 700 | 1 | |a Frick, Bruno |0 IT\ICCU\BVEV\039941 | |
| 700 | 1 | |a Gozzano, Mario |0 IT\ICCU\RAVV\036832 | |
| 830 | 0 | |a Collezione psicologica |0 IT\ICCU\BRI\0289939 | |
| 942 | |2 ddc |c BK | ||
| 952 | |0 0 |1 0 |2 ddc |4 0 |6 B_SPS03FRAVIPSI11 |7 0 |9 8123 |a MI |b MI |d 2005-07-07 |i 4804 |l 0 |o B-SPS03-FRAVI-PSI11 |p CDOM4804 |r 2025-07-17 21:50:21 |w 2025-07-17 |x ACQUISTO |y BK | ||
| 981 | 1 | |6 z01 |a i |b xxxe | |
| 982 | 1 | |6 z01 |a n | |
| 999 | |c 6807 |d 6807 | ||